Statistiques concernant Les départements limitrophes de la Creuse

Cliquez ici pour prendre le quiz!

Statistiques générales

  • Ce quiz a été pris 48 fois
  • Le résultat moyen est 4 sur 6

Statistiques - réponses

Département% Correct
Corrèze
91%
Haute-Vienne
91%
Puy-de-Dôme
66%
Cher
63%
Indre
59%
Allier
53%

Distribution des résultats

Percentile par nombre de réponses

% des personnes avec chaque résultat

Votre développement - résultats

Vous n’avez pas pris ce quiz